NFL Player from Every College - Statistics

General Stats
  • This quiz has been taken 29 times
  • The average score is 47 of 136
Answer Stats
Hint Answer % Correct
Bryce Young Alabama
91%
Cam Ward Miami
91%
Cam Skattebo Arizona State
86%
Ashton Jeanty Boise State
86%
Malik Willis Liberty
86%
Aidan Hutchinson Michigan
86%
Justin Fields Ohio State
86%
Jaxson Dart Ole Miss
86%
Patrick Mahomes Texas Tech
86%
Josh Allen Wyoming
86%
Jared Goff California
82%
Trevor Lawernce Clemson
82%
Joe Flacco Delaware
82%
Daniel Jones Duke
82%
Joe Burrow LSU
82%
Kenny Pickett Pittsburgh
82%
Myles Garret Texas A&M
82%
Jordan Love Utah State
82%
Kyle Pitts Florida
77%
Lamar Jackson Louisville
77%
Bijan Robinson Texas
77%
Kenneth Walker Michigan State
73%
Tyler Lockett Kansas State
68%
Stefon Diggs Maryland
68%
Ollie Gordon ll Oklahoma State
68%
Michael Pittman Jr USC
68%
Geno Smith West Virginia
68%
Derwin James Jr Florida State
64%
Devonta Adams Fresno State
64%
Harold Fannin Jr Bowling Green
59%
Khalil Mack Buffalo
59%
Mark Andrews Oklahoma
59%
Kayvon Thibodeaux Oregon
59%
Isiah Pacheco Rutgers
59%
Fred Warner BYU
55%
Chop Robinson Penn State
55%
Rasheed Rice SMU
55%
Deebo Samual South Carolina
55%
Bailey Zappe Western Kentucky
55%
Trey McBride Colorado State
50%
Jordan Davis Georgia
50%
Noah Fant Iowa
50%
Kyle Hamilton Notre Dame
50%
Tyrone Tracy Jr Purdue
50%
Quinyon Mitchell Toledo
50%
R.J Harvey UCF
50%
Aaron Jones UTEP
50%
Hunter Henry Arkansas
45%
Maxx Crosby Eastern Michigan
45%
David Montgomery Iowa State
45%
Isaiah Likely Coastal Carolina
41%
Cobee Bryant Kansas
41%
Josh Hines-Allen Kentucky
41%
Armand Membou Missouri
41%
Tank Bigsby Auburn
36%
AJ Dillon Boston College
36%
Zay Jones East Carolina
36%
Ed Oliver Houston
36%
Dalton Kincaid Utah
36%
Tariq Woolen UTSA
36%
Buddha Baker Washington
36%
Alex Pierce Cincinnati
32%
Jonnu Smith Florida International
32%
Chase Brown Illinois
32%
Mike Green Marshall
32%
Tony Pollard Memphis
32%
Javonte Williams North Carolina
32%
Luke Mccaffrey Rice
32%
Nick Westbrook-Ikhine Indiana
27%
Jeffery Simmons Mississippi State
27%
Joe Thuney NC State
27%
Cam Jurgens Nebraska
27%
Peter Skoronski Northwestern
27%
Tremaine Edmunds Virginia Tech
27%
Jake Ferguson Wisconsin
27%
Jacory Croskey-Merritt Arizona
23%
Alex Highsmith Charlotte
23%
Reed Blankenship Middle Tennessee
23%
Romeo Doubs Nevada
23%
Sean Tucker Syracuse
23%
Jack Bech TCU
23%
Dion Dawkins Temple
23%
Trey Smith Tennessee
23%
Skyy Moore Western Michigan
23%
Devin Singletary FAU
18%
Marquez Valdes-Scantling USF
18%
Morgan Mosses Virginia
18%
Boye Mafe Minnesota
14%
Jordan Poyer Oregon State
14%
Jalen Tolbert South Alabama
14%
Quez Watkins Southern Miss
14%
Kimani Vidal Troy
14%
Kenny Clark UCLA
14%
Travis Jones Uconn
14%
Tyler Bass Georgia Southern
9%
Ben DiNucci JMU
9%
Milton Williams Louisiana Tech
9%
Justin Ried Stanford
9%
Alex Wright UAB
9%
A.T. Parry Wake Forest
9%
Frankie Luvu Washington State
9%
Konata Mumpfield (Before Transfer) Akron
5%
Akeem Davis-Gaither App State
5%
Sean Murphy-Bunting Central Michigan
5%
Chidobe Awuzie Colorado
5%
Zeek Biggers Georgia Tech
5%
Travis Bell Kennesaw State
5%
Joe Cardona Navy
5%
Jimmie Ward Northern Illinois
5%
Josh Oliver San Jose State
5%
Cam Sample Tulane
5%
Chris Paul Tulsa
5%
Dayo Odeyingbo Vanderbilt
5%
Jordan Jackson Air Force
0%
Jacob Bayer Arkansas State
0%
Lucas Scott Army
0%
Danny Pinter Ball State
0%
Grayland Arnold Baylor
0%
Will Lutz Georgia State
0%
Kohl Levao Hawaii
0%
Siran Neal Jacksonville State
0%
Luke Floriea Kent State
0%
Car'lin Vigers Louisiana Monroe
0%
Robert Hunt Louisiana Ragin Cajuns
0%
Mike Brown Miami OH
0%
Jacardia Wright Missouri State
0%
Jason Sanders New Mexico
0%
Jason Huntley New Mexico State
0%
Kemon Hall North Texas
0%
Austin Pleasants Ohio
0%
Stone Smartt Old Dominion
0%
Tristan McCollum Sam Houston
0%
Zach Thomas San Diego State
0%
Nash Jones Texas State
0%
Isaiah Rodgers Umass
0%
Jackson Woodard UNLV
0%
No matching quizzes found
Score Distribution
Percent of People with Each Score
Percentile by Number Answered
Your Score History
You have not taken this quiz